000 00578nam a2200241 a 4500
001 nice12345678
003 IN_TiNIC
005 20260116011453.0
008 050524s1917 newa grp 000 0 eng
020 _a
_c100
082 0 0 _a220.9
_bJAM
100 _aJames, M R
245 _aBiblical Antiquitie of Philo.
260 _aNew York
_bMacmillan Company
_c1917
300 _a280p
500 _aincludes index and biblioraphy
505 2 _aIndex, Bibliography
650 _aBible-History
700 1 _aJames, M R
902 _bSRS
942 _cBK
999 _c1832
_d1832